Samaja shodhana. (Record no. 175168)
[ view plain ]
| 000 -LEADER | |
|---|---|
| fixed length control field | 00429nam a2200193Ia 4500 |
| 003 - CONTROL NUMBER IDENTIFIER | |
| control field | OSt |
| 005 - DATE AND TIME OF LATEST TRANSACTION | |
| control field | 20230608095614.0 |
| 008 - FIXED-LENGTH DATA ELEMENTS--GENERAL INFORMATION | |
| fixed length control field | 210423s2000 xx 000 0 und d |
| 040 ## - CATALOGING SOURCE | |
| Transcribing agency | AL |
| 041 ## - LANGUAGE CODE | |
| Language code of text/sound track or separate title | eng |
| 082 ## - DEWEY DECIMAL CLASSIFICATION NUMBER | |
| Classification number | 301 |
| Edition number | 23 |
| Item number | DAMS |
| 100 ## - MAIN ENTRY--PERSONAL NAME | |
| Personal name | DAMLE (C B). |
| 9 (RLIN) | 122146 |
| 245 ## - TITLE STATEMENT | |
| Title | Samaja shodhana. |
| 260 ## - PUBLICATION, DISTRIBUTION, ETC. | |
| Place of publication, distribution, etc. | Mangalore |
| Name of publisher, distributor, etc. | MSA |
| Date of publication, distribution, etc. | 2000 |
| 365 ## - TRADE PRICE | |
| Currency code | INR |
| 440 ## - SERIES STATEMENT/ADDED ENTRY--TITLE | |
| Volume/sequential designation | 9 |
| 906 ## - LOCAL DATA ELEMENT F, LDF (RLIN) | |
| a | Samaja ; shodhana. |
| 942 ## - ADDED ENTRY ELEMENTS (KOHA) | |
| Source of classification or shelving scheme | Dewey Decimal Classification |
| Koha item type | Book |
| Withdrawn status | Lost status | Damaged status | Not for loan | Collection code | Home library | Current library | Date acquired | Source of acquisition | Total Checkouts | Full call number | Barcode | Date last seen | Price effective from | Koha item type | Public note |
|---|---|---|---|---|---|---|---|---|---|---|---|---|---|---|---|
| Discarded | MSW | St Aloysius PG Library | St Aloysius PG Library | 07/30/2008 | Samaja Shodhana | 301 DAMS | PG021867 | 04/26/2021 | 04/26/2021 | Book | Discarded |